| 000 | 00735nam a22002177a 4500 | ||
|---|---|---|---|
| 005 | 20240612164449.0 | ||
| 010 | _aENG-140580 | ||
| 020 |
_a9789355322852 _c860.00 |
||
| 035 | _aEN-124112 | ||
| 037 | _bDBAD | ||
| 082 |
_a621.317 _23 |
||
| 100 |
_aVishwakarma, D N _967441 |
||
| 245 |
_aPower System Protection and Switchgear/ _cBy D N Vishwakarma; Badri Ram [and] Sourma R Mohanty |
||
| 250 | _a3 | ||
| 260 |
_aChennai _bMc Graw Hill Education _c2022 |
||
| 270 |
_aAnjana Complex NO. 5/90 A, Butt Road, St. Thomas Mount _bChennai _e600116 |
||
| 300 |
_axxii,802p. _c23cm(pbk) _bindex |
||
| 700 |
_aRam, Badri _eAuthor _967434 |
||
| 700 |
_aMohanty, Sourma R _eAuthor _967435 |
||
| 942 |
_2ddc _h621.317 _cEN _mVIS _e3 |
||
| 999 |
_c203576 _d203576 |
||